Central Library OPAC University of Rajshahi

Communication in Japan and the United States / (Record no. 57530)

MARC details
000 -LEADER
fixed length control field 00931nam a2200277 a 4500
001 - CONTROL NUMBER
control field 57530
003 - CONTROL NUMBER IDENTIFIER
rucl marc code BD-RjUL
005 - DATE AND TIME OF LATEST TRANSACTION
control field 20211209080525.0
008 - FIXED-LENGTH DATA ELEMENTS--GENERAL INFORMATION
fixed length control field 101216s1993 nyua b 001 0 eng
020 ## - INTERNATIONAL STANDARD BOOK NUMBER
International Standard Book Number 0791416038
International Standard Book Number 0791416046
035 ## - SYSTEM CONTROL NUMBER
System control number (BD-RjUL) 57654
040 ## - CATALOGING SOURCE
Original cataloging agency LC
Language of cataloging eng
Transcribing agency LC
Modifying agency LC
-- BD-RjUL
041 ## - LANGUAGE CODE
Language code of text/sound track or separate title eng
082 00 - DEWEY DECIMAL CLASSIFICATION NUMBER
Classification number 302.20952
Edition number 23
Author mark and year COM 1993
245 00 - TITLE STATEMENT
Title Communication in Japan and the United States /
Statement of responsibility, etc. William B. Gudykunst, editor.
260 ## - PUBLICATION, DISTRIBUTION, ETC. (IMPRINT)
Place of publication, distribution, etc. Albany :
Name of publisher, distributor, etc. State University of New York,
Date of publication, distribution, etc. c1993.
300 ## - PHYSICAL DESCRIPTION
Pagination viii, 330 p. :
Illustrations ill. ;
Size 24 cm.
490 1# - SERIES STATEMENT
Series statement SUNY series, human communication processes
504 ## - BIBLIOGRAPHY, ETC. NOTE
Bibliography, etc Includes bibliographical references and indexes.
650 #0 - SUBJECT ADDED ENTRY--TOPICAL TERM
Topical term or geographic name as entry element Communication
Geographic subdivision Japan.
9 (RLIN) 170840
Topical term or geographic name as entry element Communication
Geographic subdivision United States.
9 (RLIN) 170841
700 1# - ADDED ENTRY--PERSONAL NAME
Personal name Gudykunst, William B.
830 #0 - SERIES ADDED ENTRY--UNIFORM TITLE
Uniform title SUNY series in human communication processes.
942 ## - ADDED ENTRY ELEMENTS (KOHA)
Source of classification or shelving scheme Dewey Decimal Classification
Koha item type Books
Holdings
Lost status Source of classification or shelving scheme Damaged status Not for loan Collection code Permanent Location Current Location Shelving location Date acquired Source of acquisition Total Checkouts Full call number Date last seen Copy number Koha item type
  Dewey Decimal Classification   Not For Loan Non-fiction Central Library, University of Rajshahi Central Library, University of Rajshahi Reading Room 27/05/2004 Japan Foundation   302.20952 COM 1993 10/12/2016 C-1 Books